Top 300 Baby Girl Names USA 2021 - Statistics

General Stats
  • This quiz has been taken 317 times
  • The average score is 146 of 300
Answer Stats
Answer % Correct
235 Ana
95%
2 Emma
93%
273 Alivia
92%
84 Anna
91%
1 Olivia
91%
120 Arya
89%
111 Eliza
88%
14 Elizabeth
86%
133 Mary
86%
146 Isabel
85%
21 Emily
84%
158 Katherine
83%
196 Sara
83%
3 Charlotte
82%
106 Maria
82%
8 Mia
82%
34 Grace
81%
55 Maya
81%
5 Ava
80%
93 Eva
80%
218 Lilly
80%
31 Lily
80%
24 Chloe
79%
16 Ella
79%
7 Isabella
79%
176 Khloe
79%
271 Mya
78%
116 Rose
78%
43 Victoria
78%
114 Julia
77%
44 Hannah
76%
18 Sofia
76%
6 Sophia
76%
42 Zoe
76%
73 Bella
75%
22 Aria
74%
47 Lucy
74%
200 Alaina
73%
4 Amelia
73%
257 Elaina
73%
30 Ellie
73%
239 Rachel
73%
38 Zoey
73%
17 Abigail
72%
9 Evelyn
72%
186 Molly
71%
76 Sophie
71%
64 Alice
70%
168 Alexandra
69%
29 Madison
69%
88 Ariana
67%
81 Caroline
67%
102 Clara
67%
49 Ivy
67%
27 Nora
67%
262 Alayna
66%
188 Amy
66%
134 Daisy
66%
110 Lyla
66%
23 Penelope
66%
145 Arianna
65%
225 Diana
65%
33 Isla
65%
265 Jane
65%
51 Lillian
65%
232 Myla
65%
182 Olive
65%
105 Samantha
65%
82 Allison
64%
230 Annie
64%
229 Hope
64%
11 Luna
64%
35 Violet
64%
15 Eleanor
63%
10 Harper
63%
46 Leah
63%
56 Natalie
63%
160 Norah
63%
169 Faith
62%
83 Gabriella
62%
107 Iris
62%
170 Jasmine
62%
223 Lila
61%
62 Ruby
61%
45 Addison
60%
19 Avery
60%
259 Brooke
60%
59 Claire
60%
165 Georgia
60%
91 Jade
60%
72 Josephine
60%
255 Kayla
60%
253 Vanessa
60%
184 Brianna
59%
240 Gracie
59%
299 Leia
59%
260 Lola
59%
125 Margaret
59%
26 Mila
59%
174 Millie
59%
189 Ruth
59%
172 Ashley
58%
192 Taylor
58%
39 Willow
58%
233 Alyssa
57%
60 Audrey
57%
63 Brooklyn
57%
53 Elena
57%
95 Madeline
57%
71 Madelyn
57%
37 Riley
57%
97 Rylee
57%
180 Ada
56%
294 Evie
56%
79 Natalia
56%
92 Sarah
56%
234 Angela
55%
127 Charlie
55%
87 Cora
54%
278 Gia
54%
220 Kimberly
54%
242 Laila
54%
25 Layla
54%
214 Leila
54%
41 Stella
54%
141 Summer
54%
190 Aubree
53%
65 Aubrey
53%
77 Hailey
53%
175 June
53%
226 Kamila
53%
159 Kylie
53%
54 Naomi
53%
164 Ryleigh
53%
20 Scarlett
53%
68 Savannah
52%
213 Zara
52%
272 Charlee
51%
156 Esther
51%
295 Juliet
51%
123 Mackenzie
51%
80 Quinn
51%
61 Aaliyah
50%
173 Andrea
50%
222 Ariel
50%
36 Aurora
50%
296 Fiona
50%
13 Gianna
50%
130 Josie
50%
90 Lydia
50%
129 Melanie
50%
149 Sienna
50%
153 Valerie
50%
101 Vivian
50%
298 Angelina
49%
66 Autumn
49%
48 Eliana
49%
131 Elliana
49%
28 Hazel
49%
178 Juliette
49%
205 Morgan
49%
78 Sadie
49%
224 Alana
47%
208 Aliyah
47%
274 Annabelle
47%
162 Bailey
47%
293 Lena
47%
285 Maggie
47%
300 Paige
47%
52 Paisley
47%
121 Eden
46%
221 Elsie
46%
247 Phoebe
46%
243 Elise
44%
152 Freya
44%
283 Kali
44%
266 Payton
44%
99 Peyton
44%
100 Everleigh
43%
291 Joanna
43%
104 Liliana
43%
32 Nova
43%
281 Camille
42%
40 Emilia
41%
228 Vera
41%
109 Eloise
40%
139 Kaylee
40%
70 Kennedy
40%
136 Lucia
40%
113 Melody
40%
185 Rosalie
40%
50 Everly
39%
86 Nevaeh
39%
94 Adeline
38%
195 Arabella
38%
98 Athena
38%
118 Brielle
38%
177 Callie
38%
96 Piper
38%
74 Skylar
38%
249 Sydney
38%
157 Valeria
38%
289 Adaline
37%
191 Gemma
37%
276 Lucille
37%
203 Selena
37%
287 Tessa
37%
219 London
36%
206 Londyn
36%
194 Margot
36%
115 Parker
36%
277 Trinity
36%
199 Blake
35%
171 Ariella
34%
12 Camila
34%
237 Evangeline
34%
210 Juliana
34%
126 Reagan
34%
85 Serenity
34%
69 Valentina
34%
142 Adalyn
33%
119 Adalynn
33%
263 Adelaide
33%
161 Amaya
33%
181 Anastasia
33%
108 Ayla
33%
132 Cecilia
33%
75 Genesis
33%
179 Sage
33%
135 Alina
32%
58 Delilah
32%
167 Emerson
32%
148 Emersyn
32%
202 Noelle
32%
270 Dakota
31%
238 Harlow
31%
292 Jocelyn
31%
138 Juniper
31%
245 Lilah
31%
261 Miriam
31%
155 Genevieve
30%
147 Reese
30%
57 Kinsley
29%
246 Adelyn
28%
217 Amira
28%
163 Ember
28%
112 Hadley
28%
198 Harmony
28%
215 Marley
28%
280 Raegan
28%
137 Ximena
28%
288 Daphne
27%
117 Isabelle
27%
124 Maeve
27%
250 Mariana
27%
151 River
27%
254 Teagan
27%
264 Daniela
26%
89 Emery
26%
211 Finley
26%
290 Hayden
25%
212 Presley
25%
241 Rowan
25%
143 Sloane
25%
144 Amara
24%
251 Wren
23%
201 Aspen
22%
154 Blakely
22%
269 Delaney
22%
286 Haven
22%
256 Malia
22%
122 Remi
22%
67 Leilani
21%
193 Oakley
20%
103 Raelynn
20%
216 Sawyer
20%
227 Nyla
19%
267 Journey
18%
248 Octavia
18%
279 Tatum
17%
166 Catalina
16%
187 Brynlee
15%
231 Kaia
15%
207 Zuri
15%
140 Magnolia
14%
258 Saylor
14%
268 Lilith
13%
244 Sutton
13%
128 Alaia
12%
275 Kailani
12%
282 Kaylani
12%
150 Kehlani
12%
209 Jordyn
11%
204 Oaklynn
10%
236 Lennon
9%
297 Cataleya
8%
252 Lainey
8%
284 Stevie
8%
183 Alani
7%
197 Journee
4%
No matching quizzes found
Score Distribution
Percent of People with Each Score
Percentile by Number Answered
Your Score History
You have not taken this quiz